|
|
|
|
| LEADER |
01377nam a22002177a 4500 |
| 001 |
34045 |
| 003 |
BD-DhAAL |
| 008 |
181206t2016 bg a|||| |||| 00| 0 ben d |
| 040 |
|
|
|a BD-DhAAL
|d BD-DhAAL
|
| 082 |
|
|
|a 330.09549205
|2 22
|
| 245 |
|
|
|a বাংলাদেশ অর্থনৈতিক সমীক্ষা ২০১৬ /
|c অর্থনৈতিক উপদেষ্টা অনুবিভাগ, অর্থ বিভাগ, অর্থ মন্ত্রণালয়, গণপ্রজাতন্ত্রী বাংলাদেশ সরকার.
|
| 260 |
|
|
|a ঢাকা :
|b অর্থ বিভাগ, অর্থ মন্ত্রণালয়,
|c ২০১৬.
|
| 300 |
|
|
|a xxiii, ৩১৬ পৃষ্ঠা :
|b চিত্র ;
|c ২৪ সে.মি.
|
| 526 |
|
|
|a AAL
|
| 541 |
|
|
|a Complimentary copy from Financial adviser
|e 34045
|
| 650 |
|
|
|a Bangladesh
|x Economic Condition
|v Periodicals.
|9 29133
|
| 710 |
|
|
|a অর্থ বিভাগ, অর্থমন্ত্রণালয়,
|b অর্থনৈতিক উপদেষ্টা অনুবিভাগ
|9 29134
|
| 852 |
|
|
|a Ayesha Abed Library
|c General Stacks
|
| 942 |
|
|
|2 ddc
|c BK
|
| 999 |
|
|
|c 40332
|d 40332
|
| 952 |
|
|
|0 0
|1 0
|2 ddc
|4 0
|6 330_095492050000000_BAN
|7 0
|9 64750
|a BRACUL
|b BRACUL
|c GEN
|d 2018-12-06
|e Complimentary copy
|l 0
|o 330.09549205 BAN
|p 3010034045
|r 2018-12-06
|t 1
|w 2018-12-06
|y BK
|